Microbial plant pathogens and crop disease management

The book presents strategies for the management of crop diseases, and explores means of integrating various strategies to achieve desired levels of suppression. It describes methods of preventing introduction of microbial pathogens, cultural practices that suppress pathogen populations, alternative...

Cijeli opis

Spremljeno u:
Bibliografski detalji
Glavni autor: Narayanasamy, P.
Format: Knjiga
Jezik:Undetermined
Izdano: Enfield, NH, USA Science Publishers 2002
Teme:
Oznake: Dodaj oznaku
Bez oznaka, Budi prvi tko označuje ovaj zapis!
Thư viện lưu trữ: Trung tâm Học liệu Trường Đại học Cần Thơ
LEADER 01118nam a2200193Ia 4500
001 CTU_191985
008 210402s9999 xx 000 0 und d
082 |a 632.3 
082 |b N218 
100 |a Narayanasamy, P. 
245 0 |a Microbial plant pathogens and crop disease management 
245 0 |c P. Narayanasamy 
260 |a Enfield, NH, USA 
260 |b Science Publishers 
260 |c 2002 
520 |a The book presents strategies for the management of crop diseases, and explores means of integrating various strategies to achieve desired levels of suppression. It describes methods of preventing introduction of microbial pathogens, cultural practices that suppress pathogen populations, alternative soil treatments, resistant cultivars, biocontrol agents, biotechnology for improvement of disease resistance, and crop disease management using chemicals. The introductory chapters review the characteristics of microbial pathogens and the diagnosis of crop diseases caused by them. 
650 |a Plant diseases,Bệnh cây 
910 |a Hải 
980 |a Trung tâm Học liệu Trường Đại học Cần Thơ